Central Library OPAC University of Rajshahi

The Federal Republic of Germany : (Record no. 25458)

MARC details
000 -LEADER
fixed length control field 00809cam a22002651 4500
001 - CONTROL NUMBER
control field 25458
003 - CONTROL NUMBER IDENTIFIER
rucl marc code BD-RjUL
005 - DATE AND TIME OF LATEST TRANSACTION
control field 20211209050901.0
008 - FIXED-LENGTH DATA ELEMENTS--GENERAL INFORMATION
fixed length control field 140318s1964 nyu b 001 0 eng d
035 ## - SYSTEM CONTROL NUMBER
System control number (BD-RjUL)25528
040 ## - CATALOGING SOURCE
Original cataloging agency DLC
Transcribing agency DLC
Modifying agency DLC
-- BD-RjUL
Language of cataloging eng
041 1# - LANGUAGE CODE
Language code of text/sound track or separate title engfre
082 00 - DEWEY DECIMAL CLASSIFICATION NUMBER
Classification number 309.143
Author mark and year GRF 1964
100 1# - MAIN ENTRY--PERSONAL NAME
Personal name Grosser, Alfred,
Dates associated with a name 1925-
9 (RLIN) 78282
245 14 - TITLE STATEMENT
Title The Federal Republic of Germany :
Remainder of title a concise history /
Statement of responsibility, etc. Translated by Nelson Aldrich.
260 ## - PUBLICATION, DISTRIBUTION, ETC. (IMPRINT)
Place of publication, distribution, etc. New York :
Name of publisher, distributor, etc. Praeger,
Date of publication, distribution, etc. c1964
300 ## - PHYSICAL DESCRIPTION
Pagination 150 p. ;
Size 21 cm.
504 ## - BIBLIOGRAPHY, ETC. NOTE
Bibliography, etc Bibliography: p. 127-145. and Index
651 #0 - SUBJECT ADDED ENTRY--GEOGRAPHIC NAME
Geographic name Germany (West)
General subdivision History.
9 (RLIN) 78283
700 1# - ADDED ENTRY--PERSONAL NAME
Personal name Aldrich, Nelson
942 ## - ADDED ENTRY ELEMENTS (KOHA)
Source of classification or shelving scheme Dewey Decimal Classification
Koha item type Books
Holdings
Lost status Source of classification or shelving scheme Damaged status Not for loan Collection code Permanent Location Current Location Shelving location Date acquired Source of acquisition Cost, normal purchase price Total Checkouts Full call number Date last seen Copy number Koha item type
  Dewey Decimal Classification   Added to bundle Non-fiction Central Library, University of Rajshahi Central Library, University of Rajshahi Reading Room   Sweets & Zeitlenger 35.00   309.143 GRF 1964 18/03/2014 C-1 Books